Criaturas de la noche 3 : cuentos de brujas y brujos /
Selección de cuentos participantes en el concurso Criaturas de la Noche, convocado por el Instituto Coahuilense de Cultura. En su tercera edición, las narraciones, además de contar con virtudes literarias, corresponden con las tradiciones, mitos, leyendas, ritos y prácticas conocidas acerca de la br...
Enregistré dans:
| Collectivité auteur: | |
|---|---|
| Autres auteurs: | |
| Format: | Actes de congrès Livre |
| Langue: | espagnol |
| Publié: |
Saltillo, Coahuila : México :
Gobierno del Estado de Coahuila, Instituto Coahuilense de Cultura : Universidad Autónoma de Coahuila ; CONACULTA, Coordinación Nacional de Desarrollo Cultural Regional, Dirección Zona Norte,
1999, c1999
|
| Sujets: | |
| Tags: |
Pas de tags, Soyez le premier à ajouter un tag!
|
MARC
| LEADER | 00000nam^a2200000^a^4500 | ||
|---|---|---|---|
| 001 | 000330703 | ||
| 005 | 20250521000000.0 | ||
| 009 | 20260310114011.601 | ||
| 020 | |a 970-18-3845-9 | ||
| 037 | |a Acervo ITESO - Biblioteca | ||
| 041 | |a ESP | ||
| 082 | |a 863. |b CER 1999 | ||
| 111 | |a Certamen Literario Criaturas de la Noche ( |n 3° : |d 1999 : |c Coahuila, México) | ||
| 240 | 1 | 1 | |a [Criaturas de la noche] |
| 245 | 1 | 0 | |a Criaturas de la noche 3 : |b cuentos de brujas y brujos / |c Selec. y presen. de E. Aguirre. |
| 264 | 4 | |a Saltillo, Coahuila : |b Gobierno del Estado de Coahuila, Instituto Coahuilense de Cultura : |b Universidad Autónoma de Coahuila ; |a México : |b CONACULTA, Coordinación Nacional de Desarrollo Cultural Regional, Dirección Zona Norte, |c 1999, c1999 | |
| 300 | |a 190 p. | ||
| 336 | |a texto |b txt |2 rdacontenido | ||
| 337 | |a sin mediación |b n |2 rdamedio | ||
| 338 | |a volumen |b nc |2 rdasoporte | ||
| 520 | |a Selección de cuentos participantes en el concurso Criaturas de la Noche, convocado por el Instituto Coahuilense de Cultura. En su tercera edición, las narraciones, además de contar con virtudes literarias, corresponden con las tradiciones, mitos, leyendas, ritos y prácticas conocidas acerca de la brujería y sus practicantes. | ||
| 649 | |a XX | ||
| 650 | |a Brujos y Chamanes en la Literatura | ||
| 650 | |a Cuentos Mexicanos | ||
| 650 | |a Literatura Mexicana - |y Siglo XX | ||
| 650 | |a Literatura Policíaca y de Misterio - |z México | ||
| 650 | |a Literatura Fantástica - |z México | ||
| 650 | |a Brujería en la Literatura | ||
| 700 | |a Aguirre, Eugenio |e (selección) | ||
| 910 | |a Fondo General | ||
| 920 | |a Impresos - Libros | ||
| 930 | |a Colección General | ||
| 940 | |a Literatura | ||
| 905 | |a 101 | ||
| 901 | |a 0500219969 |b IT1 |c LIT |i D61026 |u 20250521 | ||
| 902 | |a https://opac.biblio.iteso.mx/vufind/Record/000330703 | ||